| 000 | 00421nam a2200169Ia 4500 | ||
|---|---|---|---|
| 001 | 11611 | ||
| 008 | 140331s9999 xx 000 0 und d | ||
| 020 | _a0-06-251379-6 | ||
| 040 | _cPK-LaUMT | ||
| 082 |
_a 291.422 _bESS- |
||
| 100 | _aHarvey, Andrew, Ed. | ||
| 245 | 4 |
_aThe essential mystics : The soul's journey into truth _cHarvey, Andrew, Ed. |
|
| 260 | _c1996 | ||
| 300 | _a236 p. | ||
| 546 | _aEN | ||
| 942 | _cBK | ||
| 999 |
_c12480 _d12480 |
||